Majlis Sambutan Maulidur Rasul "Perpaduan Ummah Membawa Kejayaan dan Ceramah" 20 Julai 1999 [

Bibliographic Details
Corporate Author: Institut Penilaian Negara
Format: Book
Published: Bangi : Institut Penilaian Negara , 1999

MARC

LEADER 00000cam a2200000 7i4500
001 0000004918
005 20090107.0
040 |a INS 
090 0 0 |a VCD 925 
245 1 0 |a Majlis Sambutan Maulidur Rasul "Perpaduan Ummah Membawa Kejayaan dan Ceramah"   |c oleh Kapten Ust Mohd Najmuddin Elias Al-Hafiz :   |b 20 Julai 1999 [  |h cakera video] 
260 |a Bangi :   |b Institut Penilaian Negara ,   |c 1999 
300 |a 2 cakera video (130 min.) :   |b by., wrn. ;   |c 4 3/4 in. 
500 |a Juga terdapat dalam format VHS : VHS 823 
710 1 |a Institut Penilaian Negara 
999 |a VCD0000925   |b VIDEO CD   |c Media Collection   |e Default branch